Stotraawalee:Aadya Shankaraachaarya-Bhag-2 (Saartha Va Sateeka) (Record no. 348671)

MARC details
000 -LEADER
fixed length control field 004360000a22001690004500
005 - DATE AND TIME OF LATEST TRANSACTION
control field 20120302055533.0
040 ## - CATALOGING SOURCE
Original cataloging agency MAR
100 ## - MAIN ENTRY--PERSONAL NAME
Personal name Deshmukh,Sri.Da.
245 ## - TITLE STATEMENT
Title Stotraawalee:Aadya Shankaraachaarya-Bhag-2 (Saartha Va Sateeka)
260 ## - PUBLICATION, DISTRIBUTION, ETC. (IMPRINT)
Place of publication, distribution, etc Pune:Prasaad Prakaashan,1994.
300 ## - PHYSICAL DESCRIPTION
Extent 320p.
365 ## - TRADE PRICE
Price amount 150/-
490 ## - SERIES STATEMENT
Series statement Subodha Shaankar Granthaawalee
650 ## - SUBJECT ADDED ENTRY--TOPICAL TERM
Topical term or geographic name as entry element Tatvadnyaan
650 ## - SUBJECT ADDED ENTRY--TOPICAL TERM
Topical term or geographic name as entry element Stotraawalee
942 ## - ADDED ENTRY ELEMENTS (KOHA)
Koha item type Book
Holdings
Withdrawn status Lost status Damaged status Not for loan Home library Current library Date acquired Total Checkouts Barcode Date last seen Price effective from
        Institute For Oriental Study, Thane Institute For Oriental Study, Thane 12/02/2009   IOS-11298 12/02/2009 12/02/2009